<?xml version="1.0" encoding="UTF-8"?>
<record
    xmlns:xsi="http://www.w3.org/2001/XMLSchema-instance"
    xsi:schemaLocation="http://www.loc.gov/MARC21/slim http://www.loc.gov/standards/marcxml/schema/MARC21slim.xsd"
    xmlns="http://www.loc.gov/MARC21/slim">

  <leader>01056nam a2200241 a 4500</leader>
  <controlfield tag="001">77811</controlfield>
  <controlfield tag="003">BD-RjUL</controlfield>
  <controlfield tag="005">20221219113641.0</controlfield>
  <controlfield tag="008">210120b1996    pak||||| |||| 00| 0 ara d</controlfield>
  <datafield tag="035" ind1=" " ind2=" ">
    <subfield code="a">(BD-RjUL)78037</subfield>
  </datafield>
  <datafield tag="040" ind1=" " ind2=" ">
    <subfield code="a">BD-RjUL</subfield>
    <subfield code="b">eng</subfield>
    <subfield code="c">BD-RjUL</subfield>
  </datafield>
  <datafield tag="041" ind1=" " ind2=" ">
    <subfield code="a">ara</subfield>
  </datafield>
  <datafield tag="082" ind1=" " ind2=" ">
    <subfield code="2">23</subfield>
    <subfield code="a">297.1226</subfield>
    <subfield code="b">JAH 1996</subfield>
  </datafield>
  <datafield tag="100" ind1=" " ind2=" ">
    <subfield code="a">&#x633;&#x644;&#x64A;&#x645;&#x627;&#x646; &#x627;&#x644;&#x62C;&#x645;&#x644; ;; (Jamal, Sulaym&#x101;n )   </subfield>
    <subfield code="d">1789 or 1790 </subfield>
    <subfield code="9">243713</subfield>
  </datafield>
  <datafield tag="245" ind1=" " ind2=" ">
    <subfield code="a">&#x62D;&#x627;&#x634;&#x64A;&#x629; &#x639;&#x644;&#x649; &#x627;&#x644;&#x62C;&#x644;&#x627;&#x644;&#x64A;&#x646;: &#x627;&#x644;&#x645;&#x633;&#x645;&#x627;&#x629; &#x628;&#x627;&#x644;&#x641;&#x62A;&#x648;&#x62D;&#x627;&#x62A; &#x627;&#x644;&#x625;&#x644;&#x647;&#x64A;&#x629; &#x628;&#x62A;&#x648;&#x636;&#x64A;&#x62D; &#x62A;&#x641;&#x633;&#x64A;&#x631; &#x627;&#x644;&#x62C;&#x644;&#x627;&#x644;&#x64A;&#x646; &#x644;&#x644;&#x62F;&#x642;&#x627;&#x626;&#x642; &#x627;&#x644;&#x62E;&#x641;&#x64A;&#x629; ;;    &#x1E24;&#x101;shiyah &#x2BB;al&#xE1; al-jal&#x101;layn : al-musamm&#x101;t bi-al-al-Fut&#x16B;&#x1E25;&#x101;t al-il&#x101;h&#x12B;yah bi-tawd&#x12B;h Tafs&#x12B;r al-Jal&#x101;layn lil-daq&#x101;&#x2BC;iq al-khaf&#x12B;yah  / </subfield>
    <subfield code="c">&#x633;&#x644;&#x64A;&#x645;&#x627;&#x646; &#x627;&#x644;&#x62C;&#x645;&#x644; ;;  [Sulayman Jamal ] </subfield>
  </datafield>
  <datafield tag="260" ind1=" " ind2=" ">
    <subfield code="a">karachi :</subfield>
    <subfield code="b">Qadimi kutub khanah ,</subfield>
    <subfield code="c">[1996]?</subfield>
  </datafield>
  <datafield tag="300" ind1=" " ind2=" ">
    <subfield code="a"> v. ;</subfield>
    <subfield code="c">29 cm</subfield>
  </datafield>
  <datafield tag="505" ind1=" " ind2=" ">
    <subfield code="a">Vol.1.--v.2.--v.3.--</subfield>
  </datafield>
  <datafield tag="600" ind1=" " ind2=" ">
    <subfield code="a">Suy&#x16B;&#x1E6D;&#x12B;, Jamal</subfield>
    <subfield code="d">1445-1505. </subfield>
    <subfield code="9">504</subfield>
  </datafield>
  <datafield tag="650" ind1=" " ind2=" ">
    <subfield code="a">Tafs&#x12B;r al-Jal&#x101;layn. </subfield>
    <subfield code="9">243715</subfield>
  </datafield>
  <datafield tag="650" ind1=" " ind2=" ">
    <subfield code="a">Qur&#x2BC;an </subfield>
    <subfield code="v">Hermeneutics.</subfield>
    <subfield code="9">243716</subfield>
  </datafield>
  <datafield tag="942" ind1=" " ind2=" ">
    <subfield code="2">ddc</subfield>
    <subfield code="c">BK</subfield>
  </datafield>
  <datafield tag="999" ind1=" " ind2=" ">
    <subfield code="c">77811</subfield>
    <subfield code="d">77811</subfield>
  </datafield>
  <datafield tag="952" ind1=" " ind2=" ">
    <subfield code="0">0</subfield>
    <subfield code="1">0</subfield>
    <subfield code="2">ddc</subfield>
    <subfield code="4">0</subfield>
    <subfield code="7">1</subfield>
    <subfield code="8">NFIC</subfield>
    <subfield code="a">RUCL</subfield>
    <subfield code="b">RUCL</subfield>
    <subfield code="c">Reading</subfield>
    <subfield code="d">1996-06-16</subfield>
    <subfield code="e">Sawdia kutub khanah , Dhaka</subfield>
    <subfield code="g">387.00</subfield>
    <subfield code="o">A 297.122601 JAH V-1 1996</subfield>
    <subfield code="r">2021-01-20 00:00:00</subfield>
    <subfield code="t">C-1</subfield>
    <subfield code="y">BK</subfield>
  </datafield>
  <datafield tag="952" ind1=" " ind2=" ">
    <subfield code="0">0</subfield>
    <subfield code="1">0</subfield>
    <subfield code="2">ddc</subfield>
    <subfield code="4">0</subfield>
    <subfield code="7">1</subfield>
    <subfield code="8">NFIC</subfield>
    <subfield code="a">RUCL</subfield>
    <subfield code="b">RUCL</subfield>
    <subfield code="c">Reading</subfield>
    <subfield code="d">1996-06-16</subfield>
    <subfield code="e">Sawdia kutub khanah , Dhaka</subfield>
    <subfield code="g">387.00</subfield>
    <subfield code="o">A 297.122601 JAH V-2 1996</subfield>
    <subfield code="r">2021-01-20 00:00:00</subfield>
    <subfield code="t">C-1</subfield>
    <subfield code="y">BK</subfield>
  </datafield>
  <datafield tag="952" ind1=" " ind2=" ">
    <subfield code="0">0</subfield>
    <subfield code="1">0</subfield>
    <subfield code="2">ddc</subfield>
    <subfield code="4">0</subfield>
    <subfield code="7">1</subfield>
    <subfield code="8">NFIC</subfield>
    <subfield code="a">RUCL</subfield>
    <subfield code="b">RUCL</subfield>
    <subfield code="c">Reading</subfield>
    <subfield code="d">1996-06-16</subfield>
    <subfield code="e">Sawdia kutub khanah , Dhaka</subfield>
    <subfield code="g">387.00</subfield>
    <subfield code="o">A 297.122601 JAH V-3 1996</subfield>
    <subfield code="r">2021-01-20 00:00:00</subfield>
    <subfield code="t">C-1</subfield>
    <subfield code="y">BK</subfield>
  </datafield>
  <datafield tag="952" ind1=" " ind2=" ">
    <subfield code="0">0</subfield>
    <subfield code="1">0</subfield>
    <subfield code="2">ddc</subfield>
    <subfield code="4">0</subfield>
    <subfield code="7">0</subfield>
    <subfield code="8">NFIC</subfield>
    <subfield code="a">RUCL</subfield>
    <subfield code="b">RUCL</subfield>
    <subfield code="c">GEN</subfield>
    <subfield code="d">1996-06-16</subfield>
    <subfield code="e">Saudia kutub khana , Dhaka</subfield>
    <subfield code="g">387.00</subfield>
    <subfield code="o">A 297.122601 JAH V-3 1996</subfield>
    <subfield code="r">2022-01-04 00:00:00</subfield>
    <subfield code="t">C-2</subfield>
    <subfield code="y">BK</subfield>
  </datafield>
</record>
